[Event "HSG Open 2019 A"]
[Site "Hilversum"]
[Date "2019.06.22"]
[Round "3.2"]
[White "Ten Hertog, Hugo"]
[Black "Visser, Henk-Jan"]
[Result "1-0"]
[BlackElo "2249"]
[WhiteElo "2482"]
[LiveChessVersion "1.4.8"]

1. e4 {[%clk 1:47:05]} c5 {[%clk 1:50:08]} 2. Nc3 {[%clk 1:46:33]} d6
{[%clk 1:49:36]} 3. d4 {[%clk 1:46:28]} cxd4 {[%clk 1:48:43]} 4. Qxd4
{[%clk 1:46:32]} Nc6 {[%clk 1:43:13]} 5. Qd2 {[%clk 1:46:26]} g6 {[%clk 1:38:36]}
6. b3 {[%clk 1:43:34]} Bh6 {[%clk 1:38:03]} 7. f4 {[%clk 1:43:40]} e5
{[%clk 1:37:01]} 8. Nb5 {[%clk 1:40:20]} Bxf4 {[%clk 1:19:41]} 9. Qxd6
{[%clk 1:29:01]} Qxd6 {[%clk 1:18:06]} 10. Nxd6+ {[%clk 1:29:06]} Kf8
{[%clk 1:16:57]} 11. Ba3 {[%clk 1:06:40]} Nge7 {[%clk 1:14:41]} 12. Bd3
{[%clk 0:59:38]} Kg7 {[%clk 1:07:20]} 13. Ne2 {[%clk 0:55:15]} Be3
{[%clk 0:46:26]} 14. Nc4 {[%clk 0:39:04]} Bh6 {[%clk 0:46:27]} 15. O-O
{[%clk 0:35:11]} f6 {[%clk 0:40:02]} 16. Nd6 {[%clk 0:31:10]} b6 {[%clk 0:25:57]}
17. Nxc8 {[%clk 0:28:55]} Raxc8 {[%clk 0:25:47]} 18. Rf3 {[%clk 0:29:01]} Rhf8
{[%clk 0:17:58]} 19. Bb5 {[%clk 0:26:20]} Rfd8 {[%clk 0:12:54]} 20. Raf1
{[%clk 0:15:07]} Ng8 {[%clk 0:08:25]} 21. h4 {[%clk 0:14:42]} Rd2
{[%clk 0:06:40]} 22. Rc3 {[%clk 0:13:32]} a6 {[%clk 0:01:01]} 23. Bxa6
{[%clk 0:10:23]} Ra8 {[%clk 0:00:42]} 24. Bc1 {[%clk 0:10:29]} Rd6
{[%clk 0:00:23]} 25. Bb7 {[%clk 0:10:07]} Rxa2 {[%clk 0:00:13]} 26. Bxc6
{[%clk 0:09:43]} Bd2 {[%clk 0:00:17]} 27. Rc4 {[%clk 0:07:28]} Ne7
{[%clk 0:00:25]} 28. Bd5 {[%clk 0:07:10]} Nxd5 {[%clk 0:00:22]} 29. Bxd2
{[%clk 0:06:52]} b5 {[%clk 0:00:16]} 30. Rc5 {[%clk 0:06:53]} Ne7
{[%clk 0:00:14]} 31. Be3 {[%clk 0:05:38]} f5 {[%clk 0:00:18]} 32. Rc7
{[%clk 0:05:13]} 1-0

[Event "HSG Open 2019 A"]
[Site "Hilversum"]
[Date "2019.06.22"]
[Round "3.3"]
[White "Roehr, Tobias"]
[Black "Schoppen, Casper"]
[Result "0-1"]
[BlackElo "2464"]
[WhiteElo "2208"]
[LiveChessVersion "1.4.8"]

1. d4 {[%clk 1:50:10]} Nf6 {[%clk 1:47:02]} 2. c4 {[%clk 1:50:15]} e6
{[%clk 1:46:46]} 3. Nf3 {[%clk 1:50:17]} b6 {[%clk 1:46:24]} 4. g3
{[%clk 1:50:16]} Bb4+ {[%clk 1:43:29]} 5. Nbd2 {[%clk 1:41:21]} Bb7
{[%clk 1:42:08]} 6. Bg2 {[%clk 1:40:04]} O-O {[%clk 1:41:48]} 7. O-O
{[%clk 1:39:35]} Be7 {[%clk 1:35:23]} 8. Qc2 {[%clk 1:32:05]} d5 {[%clk 1:34:27]}
9. cxd5 {[%clk 1:27:22]} exd5 {[%clk 1:34:28]} 10. e4 {[%clk 1:25:51]} Nxe4
{[%clk 1:28:05]} 11. Nxe4 {[%clk 1:13:55]} dxe4 {[%clk 1:27:55]} 12. Ne5
{[%clk 1:12:50]} f5 {[%clk 1:21:46]} 13. g4 {[%clk 1:11:24]} Bf6 {[%clk 1:00:46]}
14. Bf4 {[%clk 0:45:15]} g5 {[%clk 0:44:18]} 15. Be3 {[%clk 0:42:36]} c5
{[%clk 0:42:47]} 16. Rad1 {[%clk 0:32:58]} Qe7 {[%clk 0:40:09]} 17. gxf5
{[%clk 0:24:40]} cxd4 {[%clk 0:39:10]} 18. Qc4+ {[%clk 0:16:23]} Kh8
{[%clk 0:36:30]} 19. Bxd4 {[%clk 0:13:39]} Bxe5 {[%clk 0:36:17]} 20. Bxe4
{[%clk 0:13:04]} Bxe4 {[%clk 0:34:10]} 21. Rfe1 {[%clk 0:11:13]} Nc6
{[%clk 0:33:19]} 22. Bxe5+ {[%clk 0:04:57]} Qxe5 {[%clk 0:31:12]} 23. Rxe4
{[%clk 0:04:45]} Qxf5 {[%clk 0:31:00]} 24. Qc3+ {[%clk 0:02:44]} Qf6
{[%clk 0:30:18]} 25. Qc2 {[%clk 0:02:49]} Ne5 {[%clk 0:29:14]} 26. Rxe5
{[%clk 0:01:27]} Qxe5 {[%clk 0:29:18]} 27. Rd7 {[%clk 0:01:31]} Rf5
{[%clk 0:29:01]} 0-1

[Event "HSG Open 2019 A"]
[Site "Hilversum"]
[Date "2019.06.22"]
[Round "3.4"]
[White "Damen, Jip"]
[Black "Burg, Twan"]
[Result "0-1"]
[BlackElo "2523"]
[WhiteElo "2175"]
[LiveChessVersion "1.4.8"]

1. e4 {[%clk 1:48:12]} e6 {[%clk 1:50:16]} 2. d4 {[%clk 1:47:08]} d5
{[%clk 1:50:21]} 3. Nd2 {[%clk 1:46:36]} a6 {[%clk 1:46:41]} 4. Ngf3
{[%clk 1:46:24]} c5 {[%clk 1:43:55]} 5. exd5 {[%clk 1:45:56]} exd5
{[%clk 1:43:49]} 6. dxc5 {[%clk 1:45:32]} Bxc5 {[%clk 1:43:30]} 7. Nb3
{[%clk 1:44:49]} Be7 {[%clk 1:42:21]} 8. Bd3 {[%clk 1:42:49]} Nf6
{[%clk 1:42:21]} 9. O-O {[%clk 1:42:09]} O-O {[%clk 1:42:30]} 10. Bg5
{[%clk 1:40:02]} Bg4 {[%clk 1:40:30]} 11. h3 {[%clk 1:38:48]} Bh5
{[%clk 1:40:25]} 12. Nbd4 {[%clk 1:38:32]} Re8 {[%clk 1:37:48]} 13. Re1
{[%clk 1:37:29]} Nbd7 {[%clk 1:36:58]} 14. Nf5 {[%clk 1:31:16]} Bf8
{[%clk 1:34:02]} 15. Rxe8 {[%clk 1:29:27]} Qxe8 {[%clk 1:34:00]} 16. Ng3
{[%clk 1:29:19]} Bg6 {[%clk 1:28:36]} 17. Bxg6 {[%clk 1:29:05]} hxg6
{[%clk 1:28:20]} 18. Qe2 {[%clk 1:22:40]} Qd8 {[%clk 1:25:11]} 19. Ne5
{[%clk 1:18:09]} Bd6 {[%clk 1:18:58]} 20. Nxd7 {[%clk 1:17:36]} Qxd7
{[%clk 1:18:26]} 21. Bxf6 {[%clk 1:06:49]} gxf6 {[%clk 1:18:27]} 22. Qf3
{[%clk 1:06:27]} Be5 {[%clk 1:17:58]} 23. Rd1 {[%clk 0:54:44]} Qa4
{[%clk 1:09:02]} 24. Qxd5 {[%clk 0:45:14]} Qxc2 {[%clk 1:08:27]} 25. b3
{[%clk 0:41:04]} Qxa2 {[%clk 1:04:59]} 26. Ne4 {[%clk 0:37:30]} Qe2
{[%clk 1:02:07]} 27. f4 {[%clk 0:33:19]} Qe3+ {[%clk 1:01:12]} 28. Nf2
{[%clk 0:33:06]} Qxf4 {[%clk 0:55:23]} 29. Qxb7 {[%clk 0:33:07]} Rb8
{[%clk 0:53:05]} 30. Qxa6 {[%clk 0:31:14]} Rxb3 {[%clk 0:51:26]} 31. Qa8+
{[%clk 0:25:27]} Kg7 {[%clk 0:48:09]} 32. Qe4 {[%clk 0:24:52]} Qh2+
{[%clk 0:43:01]} 33. Kf1 {[%clk 0:24:56]} Bg3 {[%clk 0:40:29]} 34. Qd4
{[%clk 0:19:53]} Rb5 {[%clk 0:37:00]} 35. Rd2 {[%clk 0:15:47]} Rf5
{[%clk 0:33:20]} 0-1

[Event "HSG Open 2019 A"]
[Site "Hilversum"]
[Date "2019.06.22"]
[Round "3.5"]
[White "Nijboer, Friso"]
[Black "Schulze, Lara"]
[Result "1/2-1/2"]
[BlackElo "2160"]
[WhiteElo "2488"]
[LiveChessVersion "1.4.8"]

1. e4 {[%clk 1:50:18]} c5 {[%clk 1:50:19]} 2. Nf3 {[%clk 1:50:22]} d6
{[%clk 1:50:23]} 3. d4 {[%clk 1:50:27]} cxd4 {[%clk 1:50:30]} 4. Nxd4
{[%clk 1:50:33]} Nf6 {[%clk 1:50:29]} 5. Nc3 {[%clk 1:50:38]} Nc6
{[%clk 1:50:35]} 6. Bg5 {[%clk 1:50:44]} e6 {[%clk 1:50:37]} 7. Qd2
{[%clk 1:50:49]} a6 {[%clk 1:50:40]} 8. O-O-O {[%clk 1:50:52]} Bd7
{[%clk 1:50:45]} 9. f3 {[%clk 1:50:56]} h6 {[%clk 1:50:48]} 10. Be3
{[%clk 1:51:01]} b5 {[%clk 1:50:43]} 11. Nxc6 {[%clk 1:51:05]} Bxc6
{[%clk 1:50:47]} 12. Ne2 {[%clk 1:51:05]} Rc8 {[%clk 1:48:32]} 13. Kb1
{[%clk 1:47:07]} Be7 {[%clk 1:45:54]} 14. Nd4 {[%clk 1:25:57]} Bb7
{[%clk 1:44:37]} 15. h4 {[%clk 1:21:50]} Nd7 {[%clk 1:36:35]} 16. Be2
{[%clk 1:00:25]} Ne5 {[%clk 1:20:57]} 17. g4 {[%clk 0:57:57]} Qc7
{[%clk 0:58:32]} 18. Bf4 {[%clk 0:35:46]} Nc4 {[%clk 0:43:58]} 19. Bxc4
{[%clk 0:35:41]} bxc4 {[%clk 0:44:02]} 20. Ne2 {[%clk 0:35:41]} e5
{[%clk 0:39:44]} 21. Be3 {[%clk 0:35:41]} d5 {[%clk 0:38:08]} 22. exd5
{[%clk 0:35:09]} Rd8 {[%clk 0:36:57]} 23. Nc3 {[%clk 0:33:51]} Bb4
{[%clk 0:34:35]} 24. a3 {[%clk 0:17:42]} Ba5 {[%clk 0:29:38]} 25. g5
{[%clk 0:13:05]} h5 {[%clk 0:28:43]} 26. f4 {[%clk 0:11:05]} O-O {[%clk 0:24:41]}
27. fxe5 {[%clk 0:10:16]} Qxe5 {[%clk 0:20:53]} 28. Bd4 {[%clk 0:09:18]} Qxd5
{[%clk 0:17:22]} 29. Nxd5 {[%clk 0:07:49]} Bxd2 {[%clk 0:17:26]} 30. Rxd2
{[%clk 0:07:45]} Rxd5 {[%clk 0:16:00]} 31. Re1 {[%clk 0:04:43]} Rfd8
{[%clk 0:13:47]} 32. c3 {[%clk 0:04:49]} R8d7 {[%clk 0:08:55]} 33. Rf2
{[%clk 0:03:45]} Kh7 {[%clk 0:07:59]} 34. Re8 {[%clk 0:01:06]} Rb5
{[%clk 0:07:08]} 35. Kc1 {[%clk 0:00:46]} Bd5 {[%clk 0:05:09]} 36. Rfe2
{[%clk 0:00:42]} Be6 {[%clk 0:02:10]} 37. R2xe6 {[%clk 0:00:50]} fxe6
{[%clk 0:02:14]} 38. Rxe6 {[%clk 0:00:59]} Kg8 {[%clk 0:01:07]} 39. Rxa6
{[%clk 0:01:04]} Rdb7 {[%clk 0:01:00]} 40. Rc6 {[%clk 0:00:37]} Rxb2
{[%clk 0:00:47]} 41. Rxc4 {[%clk 0:00:44]} Rh2 {[%clk 0:00:35]} 42. g6
{[%clk 0:00:40]} Kf8 {[%clk 0:00:26]} 43. Rb4 {[%clk 0:00:20]} Rd7
{[%clk 0:00:19]} 44. a4 {[%clk 0:00:25]} Rd5 {[%clk 0:00:12]} 45. Rb8+
{[%clk 0:00:20]} Ke7 {[%clk 0:00:20]} 46. Rb7+ {[%clk 0:00:28]} Ke6
{[%clk 0:00:27]} 47. Rb2 Rxh4 48. Kb1 {[%clk 0:00:12]} Rg4 {[%clk 0:00:19]} 49.
Bxg7 {[%clk 0:00:12]} Rxg6 {[%clk 0:00:21]} 50. Bd4 {[%clk 0:00:21]} Rg8
{[%clk 0:00:22]} 51. Ka2 {[%clk 0:00:28]} h4 {[%clk 0:00:21]} 52. Rh2
{[%clk 0:00:34]} Rh5 {[%clk 0:00:25]} 53. Kb3 {[%clk 0:00:28]} Kd5
{[%clk 0:00:22]} 54. a5 {[%clk 0:00:35]} Rb8+ {[%clk 0:00:20]} 55. Kc2
{[%clk 0:00:38]} Ra8 {[%clk 0:00:17]} 56. Bb6 {[%clk 0:00:46]} Kc4
{[%clk 0:00:24]} 57. Rh3 {[%clk 0:00:52]} Rg8 {[%clk 0:00:23]} 58. Kd2
{[%clk 0:00:20]} Rg2+ {[%clk 0:00:20]} 59. Ke3 {[%clk 0:00:25]} Rc2
{[%clk 0:00:14]} 60. Kf4 {[%clk 0:00:27]} Rxc3 {[%clk 0:00:13]} 61. Rxc3+
{[%clk 0:00:33]} Kxc3 62. a6 {[%clk 0:00:42]} Rh6 {[%clk 0:00:14]} 63. a7
{[%clk 0:00:48]} Rh8 {[%clk 0:00:22]} 64. Bc7 {[%clk 0:00:54]} Ra8
{[%clk 0:00:28]} 65. Bb8 {[%clk 0:01:02]} Rxa7 {[%clk 0:00:14]} 66. Bxa7
{[%clk 0:01:10]} 1/2-1/2

[Event "HSG Open 2019 A"]
[Site "Hilversum"]
[Date "2019.06.22"]
[Round "3.6"]
[White "Tabak, Stefan"]
[Black "Beerdsen, Thomas"]
[Result "0-1"]
[BlackElo "2488"]
[WhiteElo "2183"]
[LiveChessVersion "1.4.8"]

1. Nf3 {[%clk 1:49:55]} Nf6 {[%clk 1:48:52]} 2. g3 {[%clk 1:49:52]} b6
{[%clk 1:48:14]} 3. Bg2 {[%clk 1:49:57]} Bb7 {[%clk 1:48:20]} 4. O-O c5
{[%clk 1:47:05]} 5. c4 {[%clk 1:49:55]} g6 {[%clk 1:47:01]} 6. Nc3
{[%clk 1:50:00]} Bg7 {[%clk 1:46:55]} 7. d3 {[%clk 1:49:19]} O-O {[%clk 1:44:46]}
8. Rb1 {[%clk 1:48:25]} d6 {[%clk 1:41:31]} 9. Bd2 {[%clk 1:48:12]} Nc6
{[%clk 1:39:09]} 10. a3 {[%clk 1:48:13]} d5 {[%clk 1:34:18]} 11. cxd5
{[%clk 1:21:48]} Nxd5 {[%clk 1:34:22]} 12. Nxd5 {[%clk 1:20:08]} Qxd5
{[%clk 1:34:27]} 13. Ng5 {[%clk 1:16:43]} Qd7 {[%clk 1:31:45]} 14. b4
{[%clk 1:15:31]} cxb4 {[%clk 1:30:17]} 15. axb4 {[%clk 1:15:30]} Rfd8
{[%clk 1:28:31]} 16. Be3 {[%clk 1:13:58]} Nd4 {[%clk 1:22:30]} 17. Bxb7
{[%clk 1:13:25]} Qxb7 {[%clk 1:22:34]} 18. Bxd4 {[%clk 1:13:12]} Rxd4
{[%clk 1:21:54]} 19. Qb3 {[%clk 1:11:27]} e6 {[%clk 1:12:49]} 20. b5
{[%clk 1:09:44]} h6 {[%clk 1:08:18]} 21. Nf3 {[%clk 1:09:04]} Rd5
{[%clk 1:07:53]} 22. Rfc1 {[%clk 1:06:57]} Rc8 {[%clk 1:07:35]} 23. Rc4
{[%clk 1:06:33]} Rcc5 {[%clk 1:06:23]} 24. Rxc5 {[%clk 0:58:40]} Rxc5
{[%clk 1:06:19]} 25. d4 {[%clk 0:58:23]} Rc7 {[%clk 1:04:02]} 26. Qe3
{[%clk 0:44:44]} Qd5 {[%clk 0:59:34]} 27. Qd3 {[%clk 0:42:33]} Qa2
{[%clk 0:53:03]} 28. Rd1 {[%clk 0:42:07]} Rc2 {[%clk 0:47:21]} 29. Rd2
{[%clk 0:41:39]} Rxd2 {[%clk 0:47:17]} 30. Nxd2 {[%clk 0:41:42]} Qa1+
{[%clk 0:45:57]} 31. Kg2 {[%clk 0:41:09]} Qxd4 {[%clk 0:45:55]} 32. Qxd4
{[%clk 0:37:18]} Bxd4 {[%clk 0:46:00]} 33. Nc4 {[%clk 0:37:24]} Kf8
{[%clk 0:41:40]} 34. e3 {[%clk 0:35:40]} Bf6 {[%clk 0:39:48]} 35. e4
{[%clk 0:31:44]} Ke7 {[%clk 0:37:20]} 36. f4 {[%clk 0:30:14]} Kd7
{[%clk 0:36:49]} 37. Kf3 {[%clk 0:30:15]} Bd4 {[%clk 0:34:04]} 38. g4
{[%clk 0:29:35]} Ke7 {[%clk 0:30:15]} 39. e5 {[%clk 0:24:49]} Bc5
{[%clk 0:29:22]} 40. Ke4 {[%clk 0:24:21]} Kd7 {[%clk 0:28:59]} 41. h3
{[%clk 0:17:58]} Kc7 {[%clk 0:27:40]} 42. f5 {[%clk 0:18:04]} Kb7
{[%clk 0:22:15]} 43. f6 {[%clk 0:11:39]} a6 {[%clk 0:20:51]} 44. bxa6+
{[%clk 0:11:44]} Kxa6 {[%clk 0:20:57]} 45. Kd3 {[%clk 0:11:46]} Kb5
{[%clk 0:18:59]} 46. Nd2 {[%clk 0:11:06]} Kc6 {[%clk 0:18:47]} 47. Ke4
{[%clk 0:10:30]} Bb4 {[%clk 0:18:38]} 48. Nf3 {[%clk 0:10:12]} Bc3
{[%clk 0:18:10]} 49. h4 {[%clk 0:09:58]} Bb2 {[%clk 0:15:51]} 50. Ng5
{[%clk 0:08:18]} hxg5 {[%clk 0:14:21]} 51. h5 {[%clk 0:08:25]} gxh5
{[%clk 0:14:28]} 52. gxh5 {[%clk 0:08:32]} g4 {[%clk 0:14:34]} 53. h6
{[%clk 0:08:36]} g3 {[%clk 0:14:32]} 54. h7 {[%clk 0:08:07]} g2 {[%clk 0:14:39]}
55. h8=Q {[%clk 0:07:57]} g1=Q {[%clk 0:14:44]} 56. Qe8+ {[%clk 0:05:11]} Kc5
{[%clk 0:14:46]} 57. Qxf7 {[%clk 0:05:04]} Qg4+ {[%clk 0:14:20]} 58. Kd3
{[%clk 0:04:41]} Qd1+ {[%clk 0:13:23]} 59. Ke3 {[%clk 0:04:18]} Bd4+
{[%clk 0:13:28]} 60. Kf4 {[%clk 0:04:24]} Bxe5+ {[%clk 0:13:32]} 61. Kxe5
{[%clk 0:04:24]} Qd5+ {[%clk 0:13:38]} 0-1

[Event "HSG Open 2019 A"]
[Site "Hilversum"]
[Date "2019.06.22"]
[Round "3.7"]
[White "Overeem, Marc"]
[Black "De Rover, Yong Hoon"]
[Result "1/2-1/2"]
[BlackElo "2395"]
[WhiteElo "2158"]
[LiveChessVersion "1.4.8"]

1. Nf3 {[%clk 1:50:14]} d5 {[%clk 1:49:04]} 2. g3 {[%clk 1:50:11]} Nf6
{[%clk 1:48:36]} 3. Bg2 {[%clk 1:50:08]} c6 {[%clk 1:48:08]} 4. O-O
{[%clk 1:50:00]} Bg4 {[%clk 1:47:15]} 5. d3 {[%clk 1:49:44]} Nbd7
{[%clk 1:46:52]} 6. Qe1 {[%clk 1:49:13]} e5 {[%clk 1:42:37]} 7. e4
{[%clk 1:48:45]} dxe4 {[%clk 1:41:43]} 8. dxe4 {[%clk 1:48:48]} Bc5
{[%clk 1:41:39]} 9. Nbd2 {[%clk 1:48:02]} O-O {[%clk 1:41:09]} 10. h3
{[%clk 1:47:11]} Bh5 {[%clk 1:40:47]} 11. Nb3 {[%clk 1:46:44]} Bb6
{[%clk 1:35:24]} 12. a4 {[%clk 1:46:10]} a5 {[%clk 1:34:14]} 13. Bd2
{[%clk 1:44:34]} Re8 {[%clk 1:33:32]} 14. Bc3 {[%clk 1:43:09]} Bxf3
{[%clk 1:21:11]} 15. Bxf3 {[%clk 1:43:11]} Qc7 {[%clk 1:21:02]} 16. Rd1
{[%clk 1:36:10]} Nf8 {[%clk 1:16:35]} 17. Qe2 {[%clk 1:22:56]} Ne6
{[%clk 1:16:13]} 18. h4 {[%clk 1:17:46]} h6 {[%clk 0:28:35]} 19. Kg2
{[%clk 1:10:23]} Rad8 {[%clk 0:23:59]} 20. Rxd8 {[%clk 1:03:09]} Rxd8
{[%clk 0:23:59]} 21. Rd1 {[%clk 1:01:56]} Rxd1 {[%clk 0:13:58]} 22. Qxd1
{[%clk 1:02:00]} Nc5 {[%clk 0:13:49]} 23. Nxc5 {[%clk 0:56:52]} Bxc5
{[%clk 0:13:54]} 24. Qd2 {[%clk 0:53:28]} b6 {[%clk 0:13:47]} 25. b3
{[%clk 0:51:38]} Qe7 {[%clk 0:12:46]} 26. Qd3 {[%clk 0:49:35]} Kh7
{[%clk 0:12:05]} 27. Bb2 {[%clk 0:46:56]} Qd6 {[%clk 0:08:45]} 28. Be2
{[%clk 0:43:33]} Qxd3 {[%clk 0:07:28]} 29. Bxd3 {[%clk 0:42:41]} Bd6
{[%clk 0:07:08]} 30. Bc4 {[%clk 0:38:30]} Kg8 {[%clk 0:06:53]} 31. f3
{[%clk 0:34:40]} Nd7 {[%clk 0:06:40]} 32. Kf2 {[%clk 0:33:24]} Kf8
{[%clk 0:06:31]} 33. Ke2 {[%clk 0:32:56]} Ke7 {[%clk 0:05:55]} 34. Bc1
{[%clk 0:28:51]} Bc5 {[%clk 0:05:35]} 35. f4 {[%clk 0:26:47]} Bd6
{[%clk 0:03:54]} 36. Kf3 {[%clk 0:25:41]} Kf6 {[%clk 0:04:01]} 37. f5
{[%clk 0:24:07]} Ke7 {[%clk 0:04:00]} 38. g4 {[%clk 0:23:46]} Nc5
{[%clk 0:03:47]} 39. Be3 {[%clk 0:22:26]} Nd7 {[%clk 0:03:55]} 40. g5
{[%clk 0:21:28]} hxg5 {[%clk 0:04:01]} 41. hxg5 {[%clk 0:21:11]} Bc5
{[%clk 0:03:58]} 42. Bd2 {[%clk 0:20:36]} Bb4 {[%clk 0:04:03]} 43. c3
{[%clk 0:20:08]} Bd6 {[%clk 0:04:07]} 44. b4 {[%clk 0:15:03]} Bc7
{[%clk 0:03:49]} 45. Ke2 {[%clk 0:11:03]} Bd6 {[%clk 0:03:20]} 1/2-1/2

[Event "HSG Open 2019 A"]
[Site "Hilversum"]
[Date "2019.06.22"]
[Round "3.8"]
[White "Ootes, Lars"]
[Black "Hummel, Paul"]
[Result "1-0"]
[BlackElo "2115"]
[WhiteElo "2355"]
[LiveChessVersion "1.4.8"]

1. e4 {[%clk 1:47:24]} c5 {[%clk 1:50:14]} 2. Nf3 {[%clk 1:47:11]} Nc6
{[%clk 1:50:17]} 3. d4 {[%clk 1:47:13]} cxd4 {[%clk 1:50:22]} 4. Nxd4
{[%clk 1:47:09]} g6 {[%clk 1:50:29]} 5. Nc3 {[%clk 1:46:47]} Bg7 {[%clk 1:50:32]}
6. Be3 {[%clk 1:46:44]} Nf6 {[%clk 1:50:04]} 7. Bc4 {[%clk 1:45:57]} O-O
{[%clk 1:49:55]} 8. Bb3 {[%clk 1:45:39]} Qa5 {[%clk 1:49:57]} 9. f3
{[%clk 1:38:20]} e6 {[%clk 1:43:40]} 10. Qd2 {[%clk 1:28:30]} d5 {[%clk 1:41:46]}
11. exd5 {[%clk 1:26:41]} Nxd5 {[%clk 1:41:29]} 12. Bxd5 {[%clk 1:24:49]} exd5
{[%clk 1:41:27]} 13. O-O-O {[%clk 1:23:26]} Re8 {[%clk 1:28:41]} 14. Kb1
{[%clk 1:18:13]} Be6 {[%clk 1:22:48]} 15. h4 {[%clk 1:13:39]} Rac8
{[%clk 1:21:47]} 16. h5 {[%clk 1:08:42]} Ne5 {[%clk 1:17:26]} 17. Nb3
{[%clk 1:04:25]} Qb4 {[%clk 1:08:53]} 18. Bd4 {[%clk 0:27:19]} Nc4
{[%clk 1:02:42]} 19. Qf2 {[%clk 0:26:55]} Qf8 {[%clk 0:57:38]} 20. Qh4
{[%clk 0:21:25]} Bxd4 {[%clk 0:54:17]} 21. hxg6 {[%clk 0:20:06]} Qg7
{[%clk 0:54:03]} 22. Qxh7+ {[%clk 0:18:21]} Qxh7 {[%clk 0:54:05]} 23. gxh7+
{[%clk 0:18:27]} Kh8 {[%clk 0:53:38]} 24. Nxd4 {[%clk 0:17:47]} a6
{[%clk 0:52:09]} 25. g4 {[%clk 0:17:01]} b5 {[%clk 0:51:50]} 26. Nce2
{[%clk 0:16:18]} b4 {[%clk 0:50:04]} 27. Nf4 {[%clk 0:16:20]} Kg7
{[%clk 0:49:24]} 28. g5 {[%clk 0:14:13]} 1-0

[Event "HSG Open 2019 A"]
[Site "Hilversum"]
[Date "2019.06.22"]
[Round "3.9"]
[White "Kusnetsov, Mark"]
[Black "Van de Griendt, Jan Willem"]
[Result "0-1"]
[BlackElo "2332"]
[WhiteElo "2142"]
[LiveChessVersion "1.4.8"]

1. e4 {[%clk 1:48:11]} e6 {[%clk 1:47:53]} 2. d4 {[%clk 1:48:16]} d5
{[%clk 1:47:59]} 3. Nc3 {[%clk 1:48:23]} Bb4 {[%clk 1:45:48]} 4. e5
{[%clk 1:48:27]} Ne7 {[%clk 1:41:56]} 5. h4 {[%clk 1:45:35]} c5 {[%clk 1:38:52]}
6. a3 {[%clk 1:45:41]} Ba5 {[%clk 1:38:10]} 7. Nf3 {[%clk 1:36:35]} Nbc6
{[%clk 1:32:10]} 8. b4 {[%clk 1:04:53]} cxd4 {[%clk 1:17:55]} 9. Nxd4
{[%clk 1:02:29]} Bc7 {[%clk 1:05:39]} 10. f4 {[%clk 0:58:30]} Nxd4
{[%clk 0:58:04]} 11. Qxd4 {[%clk 0:57:14]} O-O {[%clk 0:58:04]} 12. Bb2
{[%clk 0:52:11]} f6 {[%clk 0:51:50]} 13. Nb5 {[%clk 0:29:17]} fxe5
{[%clk 0:47:04]} 14. Qc3 {[%clk 0:29:26]} Bb8 {[%clk 0:46:03]} 15. fxe5
{[%clk 0:29:04]} Nc6 {[%clk 0:24:29]} 16. Nd6 {[%clk 0:26:28]} d4
{[%clk 0:13:10]} 17. Qc5 {[%clk 0:24:12]} a5 {[%clk 0:07:55]} 18. O-O-O
{[%clk 0:17:05]} Ba7 {[%clk 0:08:01]} 19. Qb5 {[%clk 0:16:06]} Bd7
{[%clk 0:07:34]} 20. bxa5 {[%clk 0:10:17]} Nxa5 {[%clk 0:06:07]} 21. Qe2
{[%clk 0:10:26]} Qc7 {[%clk 0:04:19]} 22. Qh5 {[%clk 0:10:19]} Be8
{[%clk 0:03:03]} 23. Nxe8 {[%clk 0:09:53]} Raxe8 {[%clk 0:03:12]} 24. Bd3
{[%clk 0:09:15]} g6 {[%clk 0:03:05]} 25. Qg5 {[%clk 0:09:16]} Qe7
{[%clk 0:01:56]} 26. Qxe7 {[%clk 0:07:04]} Rxe7 {[%clk 0:02:05]} 27. h5
{[%clk 0:07:07]} Nc6 {[%clk 0:00:41]} 28. hxg6 {[%clk 0:06:47]} hxg6
{[%clk 0:00:50]} 29. Rde1 {[%clk 0:03:58]} Rh7 {[%clk 0:00:59]} 30. Bc4
{[%clk 0:01:41]} Rxh1 {[%clk 0:00:38]} 31. Bxe6+ {[%clk 0:01:50]} Kg7
{[%clk 0:00:37]} 32. Rxh1 {[%clk 0:01:59]} Nxe5 {[%clk 0:00:37]} 33. Re1
{[%clk 0:01:42]} Nc6 {[%clk 0:00:15]} 34. Bd5 {[%clk 0:01:35]} Bc5
{[%clk 0:00:17]} 35. a4 {[%clk 0:00:25]} Rd8 {[%clk 0:00:12]} 36. Bf3 Kf6
{[%clk 0:00:15]} 37. Kb1 {[%clk 0:00:31]} Na5 {[%clk 0:00:23]} 38. Ka2
{[%clk 0:00:21]} Nc4 {[%clk 0:00:31]} 39. Kb3 {[%clk 0:00:24]} Nd2+
{[%clk 0:00:17]} 40. Ka2 {[%clk 0:00:31]} Nxf3 {[%clk 0:00:26]} 41. gxf3
{[%clk 0:00:41]} b6 {[%clk 0:00:35]} 42. Kb3 {[%clk 0:00:47]} Kf5
{[%clk 0:00:40]} 43. Re4 {[%clk 0:00:51]} d3 {[%clk 0:00:45]} 44. cxd3
{[%clk 0:00:32]} Rxd3+ {[%clk 0:00:53]} 45. Kc4 {[%clk 0:00:41]} Rxf3
{[%clk 0:01:00]} 46. Re5+ {[%clk 0:00:50]} Kf4 {[%clk 0:01:09]} 47. a5
{[%clk 0:00:54]} Ba3 {[%clk 0:00:41]} 48. Bd4 {[%clk 0:00:19]} bxa5
{[%clk 0:00:39]} 49. Rxa5 {[%clk 0:00:28]} g5 {[%clk 0:00:25]} 50. Ra7
{[%clk 0:00:20]} Bc1 {[%clk 0:00:23]} 51. Rf7+ {[%clk 0:00:24]} Kg4
{[%clk 0:00:32]} 52. Rxf3 {[%clk 0:00:20]} Kxf3 {[%clk 0:00:41]} 53. Kd3
{[%clk 0:00:30]} Bf4 {[%clk 0:00:42]} 54. Bc5 {[%clk 0:00:38]} g4
{[%clk 0:00:45]} 55. Bd4 {[%clk 0:00:47]} g3 {[%clk 0:00:33]} 56. Bc5
{[%clk 0:00:55]} Bc7 {[%clk 0:00:28]} 57. Bd4 {[%clk 0:01:02]} Bd6
{[%clk 0:00:19]} 58. Bb6 {[%clk 0:01:03]} Bb8 {[%clk 0:00:28]} 59. Bd4 Bf4 60.
Bc5 {[%clk 0:01:19]} Bc7 {[%clk 0:00:47]} 61. Bd4 {[%clk 0:01:28]} Ba5
{[%clk 0:00:25]} 62. Be5 {[%clk 0:01:24]} g2 {[%clk 0:00:34]} 63. Bd4
{[%clk 0:01:33]} Be1 {[%clk 0:00:40]} 64. Bg1 {[%clk 0:01:38]} Bf2
{[%clk 0:00:49]} 65. Bh2 {[%clk 0:01:48]} Kg4 {[%clk 0:00:53]} 66. Ke2
{[%clk 0:01:51]} Kh3 {[%clk 0:01:03]} 0-1

[Event "HSG Open 2019 A"]
[Site "Hilversum"]
[Date "2019.06.22"]
[Round "3.10"]
[White "Lanchava, Tea"]
[Black "Elgersma, Simon"]
[Result "1-0"]
[BlackElo "2099"]
[WhiteElo "2314"]
[LiveChessVersion "1.4.8"]

1. c4 {[%clk 1:49:13]} Nf6 {[%clk 1:49:58]} 2. Nf3 {[%clk 1:48:50]} g6
{[%clk 1:49:53]} 3. g3 {[%clk 1:48:49]} Bg7 {[%clk 1:49:54]} 4. Bg2
{[%clk 1:48:52]} d6 {[%clk 1:48:41]} 5. O-O {[%clk 1:48:37]} O-O {[%clk 1:48:01]}
6. d3 {[%clk 1:48:31]} e5 {[%clk 1:47:56]} 7. Nc3 {[%clk 1:48:04]} Nc6
{[%clk 1:47:29]} 8. Rb1 {[%clk 1:47:50]} a5 {[%clk 1:47:29]} 9. Nb5
{[%clk 1:46:39]} h6 {[%clk 1:39:46]} 10. e4 {[%clk 1:44:24]} Be6 {[%clk 1:37:56]}
11. b3 {[%clk 1:42:42]} Qd7 {[%clk 1:30:31]} 12. Bb2 {[%clk 1:37:36]} Nh5
{[%clk 1:13:44]} 13. d4 {[%clk 1:32:52]} exd4 {[%clk 1:11:54]} 14. Nfxd4
{[%clk 1:32:53]} Nxd4 {[%clk 1:11:01]} 15. Bxd4 {[%clk 1:32:52]} Bxd4
{[%clk 1:10:48]} 16. Qxd4 {[%clk 1:32:52]} Bh3 {[%clk 1:10:37]} 17. f3
{[%clk 1:24:05]} Rad8 {[%clk 1:04:00]} 18. Rbd1 {[%clk 1:19:44]} Be6
{[%clk 0:52:41]} 19. Qd2 {[%clk 1:19:23]} a4 {[%clk 0:38:13]} 20. Qxh6
{[%clk 1:19:02]} Qc6 {[%clk 0:35:28]} 21. Nd4 {[%clk 1:17:26]} Qc5
{[%clk 0:32:10]} 22. f4 {[%clk 1:17:01]} Bg4 {[%clk 0:30:58]} 23. Rd2
{[%clk 1:16:53]} Ng7 {[%clk 0:30:20]} 24. Kh1 {[%clk 1:13:15]} Qh5
{[%clk 0:25:02]} 25. Qxh5 {[%clk 1:13:07]} Nxh5 {[%clk 0:25:10]} 26. f5
{[%clk 1:12:39]} g5 {[%clk 0:18:50]} 27. Kg1 {[%clk 1:12:00]} f6 {[%clk 0:18:32]}
28. h3 {[%clk 1:09:47]} 1-0